Catálogo
 En Linea

Crisis de racionalidad: (Registro nro. 50405)

Detalles MARC
000 -CABECERA
campo de control de longitud fija 01934nam a22002777a 4500
003 - IDENTIFICADOR DEL NÚMERO DE CONTROL
campo de control DO-SdBNP
005 - FECHA Y HORA DE LA ÚLTIMA TRANSACCIÓN
campo de control 20240514093603.0
007 - CAMPO FIJO DE DESCRIPCIÓN FÍSICA--INFORMACIÓN GENERAL
campo de control de longitud fija ta
008 - DATOS DE LONGITUD FIJA--INFORMACIÓN GENERAL
campo de control de longitud fija 210903e2021 dr ac||fr|||| 001 0 spa d
020 ## - NÚMERO INTERNACIONAL ESTÁNDAR DEL LIBRO
Número Internacional Estándar del Libro 9789945097153
040 ## - FUENTE DE LA CATALOGACIÓN
Centro catalogador/agencia de origen DO-SdBNP
Lengua de catalogación spa
Centro/agencia transcriptor BNPHU
Normas de descripción rda
082 #4 - NÚMERO DE LA CLASIFICACIÓN DECIMAL DEWEY
Número de edición 22
Número de documento/Ítem R457c
100 1# - ENTRADA PRINCIPAL--NOMBRE DE PERSONA
Nombre de persona Reyes, Gerónimo
9 (RLIN) 79740
Término indicativo de función/relación autor
245 10 - MENCIÓN DE TÍTULO
Título Crisis de racionalidad:
Resto del título irracionalidad institucionalizada /
Mención de responsabilidad, etc. Gerónimo Reyes.
264 #1 - PRODUCCIÓN, PUBLICACIÓN, DISTRIBUCIÓN, FABRICACIÓN Y COPYRIGHT
Producción, publicación, distribución, fabricación y copyright Santo Domingo :
Nombre del de productor, editor, distribuidor, fabricante Soto Castillo,
Fecha de producción, publicación, distribución, fabricación o copyright 2021
300 ## - DESCRIPCIÓN FÍSICA
Extensión 246 páginas;
Otras características físicas Ilustraciones., retratos ;
Dimensiones 22 cm
336 ## - TIPO DE CONTENIDO
Fuente rdacontent
Término de tipo de contenido texto
Código de tipo de contenido txt
337 ## - TIPO DE MEDIO
Fuente rdamedia
Nombre/término del tipo de medio sin mediación
Código del tipo de medio n
338 ## - TIPO DE SOPORTE
Fuente rdacarrier
Nombre/término del tipo de soporte volumen
Código del tipo de soporte nc
504 ## - NOTA DE BIBLIOGRAFÍA, ETC.
Nota de bibliografía, etc. Bibliografía: página 247
505 ## - NOTA DE CONTENIDO CON FORMATO
Título Capítulo 1. El principio de la soberanía.--
-- Capítulo 2. Objetivos comunes.--
-- Capítulo 3. Sistema para regular poderes de presidentes.--
-- Capítulo 4. Como establecer igualdad de oportunidad.--
-- Capítulo 5. Constituciones irracionales vs. Colapso de naciones.--
-- Capítulo 6. Congreso inconstitucional.--
-- Capítulo 7. Gobernabilidad populista.--
-- Capítulo 8. Caos de gobernabilidad.--
-- Capítulo 9. Derecho a elegir y ser elegido.--
-- Capítulo 10. Control de la corrupción.--
-- Capítulo 11. Control de la delincuencia.--
-- Capítulo 12. Remediación del medio ambiente.--
-- Capítulo 13. Retos del sistema impositivo.--
-- Capítulo 14. Reto en la producción agropecuaria.--
-- Capítulo 15. Manipulación de la salud pública.--
-- Capítulo 16. Saneamiento de las conquistas laborales.--
-- Capítulo 17. Tentáculos del dinero sucio.
-- Capítulo 18. Depredación financiera de los pueblos.--
-- Capítulo 19. Fundamentos del desarrollo sostenible.--
-- Capítulo 20. Proyecto modelo de Constitución.--
-- Biografía.
590 ## - NOTA LOCAL (RLIN)
Nota local Inventariado 2024 / MF
650 #4 - PUNTO DE ACCESO ADICIONAL DE MATERIA--TÉRMINO DE MATERIA
Término de materia o nombre geográfico como elemento de entrada Política y gobierno
Subdivisión geográfica República Dominicana
9 (RLIN) 79280
650 #4 - PUNTO DE ACCESO ADICIONAL DE MATERIA--TÉRMINO DE MATERIA
Término de materia o nombre geográfico como elemento de entrada Corrupción administrativa
Subdivisión geográfica República Dominicana
9 (RLIN) 78590
942 ## - ELEMENTOS DE PUNTO DE ACCESO ADICIONAL (KOHA)
Fuente del sistema de clasificación o colocación Dewey Decimal Classification
Tipo de ítem Koha Libro
Existencias
Estado de retiro Estado de pérdida Fuente del sistema de clasificación o colocación Restricciones de uso No para préstamo Código de colección Localización permanente Ubicación/localización actual Ubicación en estantería Fecha de adquisición Fuente de adquisición Total de préstamos Signatura topográfica completa Código de barras Fecha visto por última vez Precio válido a partir de Tipo de ítem Koha Número de copia Nota pública
    Dewey Decimal Classification Excluido de préstamo   Patrimonio Dominicano Biblioteca Nacional Pedro Henríquez Ureña Biblioteca Nacional Pedro Henríquez Ureña Depósito 22.04.2021 Depósito legal   R457c 2021-26071 03.09.2021 03.09.2021 Libro    
    Dewey Decimal Classification Excluido de préstamo   Patrimonio Dominicano Biblioteca Nacional Pedro Henríquez Ureña Biblioteca Nacional Pedro Henríquez Ureña Depósito 22.04.2021 Depósito legal   R457c 2021-27508 20.10.2021 20.10.2021 Libro e.2 Ejemplar autografiado por el autor
    Dewey Decimal Classification Préstamo en sala   Dominicana de Servicio Biblioteca Nacional Pedro Henríquez Ureña Biblioteca Nacional Pedro Henríquez Ureña Depósito 22.04.2021 Depósito legal   R457c 2021-27509 20.10.2021 20.10.2021 Libro e.3  

Con tecnología Koha